000 00683nam a2200241 i 4500
001 C2-0343221
003 PPAK
005 20180728144439.0
008 170828s2010 my a|||| ||||| | may d
020 _a9789675288944
040 _aPPAK
_beng
_cPPAK
_erda
082 0 4 _a899.233
_223
090 0 0 _a899.233
_bINT
_dG
100 0 _aIntan Suzana Ahmad,
_eauthor
245 1 0 _aUnder 18 :
_bdiari sivik yosi
264 1 _aKuala Lumpur :
_bGala Unggul Resources Sdn. Bhd. ,
_c2010
300 _a192 pages :
_billustrations ;
_c20 cm
336 _2rdacontent
_atext
337 _2rdamedia
_aunmediated
338 _2rdacarrier
_avolume
650 1 0 _aMalay fiction.
942 _ddc
_cB
999 _c140102
_d140102